| 000 -LEADER |
| fixed length control field |
01516nam a22002657a 4500 |
| 008 - FIXED-LENGTH DATA ELEMENTS--GENERAL INFORMATION |
| fixed length control field |
250528b xxu||||| |||| 00| 0 eng d |
| 040 ## - CATALOGING SOURCE |
| Original cataloging agency |
Cagayan State University |
| 082 ## - DEWEY DECIMAL CLASSIFICATION NUMBER |
| Classification number |
791.4372 |
| Item number |
G84 2020 |
| 245 ## - TITLE STATEMENT |
| Title |
Greenland / directed by Ric Roman Waugh ; produced by Gerard Butler, Basil Iwanyk, Sébastien Raybaud, Alan Siegel ; written by Chris Sparling. |
| 260 ## - PUBLICATION, DISTRIBUTION, ETC. (IMPRINT) |
| Place of publication, distribution, etc |
United States : |
| Name of publisher, distributor, etc |
STXfilms, |
| Date of publication, distribution, etc |
2020. |
| 300 ## - PHYSICAL DESCRIPTION |
| Extent |
1 videofile, (ca. 119 mins.) : |
| Other physical details |
sound, color. |
| 520 ## - SUMMARY, ETC. |
| Summary, etc |
A family fights for survival as a planet-killing comet races toward Earth. John Garrity (Gerard Butler), his estranged wife Allison (Morena Baccarin), and young son Nathan make a perilous journey to their only hope for sanctuary. Amid terrifying news accounts of cities around the world being leveled by the comet's fragments, the Garritys experience the best and worst in humanity while they battle the increasing panic and lawlessness surrounding them. As the countdown to the global apocalypse approaches zero, their incredible trek culminates in a desperate and last-minute flight to a possible safe haven. |
| 546 ## - LANGUAGE NOTE |
| Language note |
In English subtitle. |
| 650 ## - SUBJECT ADDED ENTRY--TOPICAL TERM |
| Topical term or geographic name as entry element |
Action. |
| 650 ## - SUBJECT ADDED ENTRY--TOPICAL TERM |
| Topical term or geographic name as entry element |
Thriller. |
| 700 ## - ADDED ENTRY--PERSONAL NAME |
| Personal name |
Butler, Gerard, star. |
| 700 ## - ADDED ENTRY--PERSONAL NAME |
| Personal name |
Baccarin, Morena, star. |
| 700 ## - ADDED ENTRY--PERSONAL NAME |
| Personal name |
Floyd, Roger Dale, star. |
| 700 ## - ADDED ENTRY--PERSONAL NAME |
| Personal name |
Glenn, Scott, star. |
| 700 ## - ADDED ENTRY--PERSONAL NAME |
| Personal name |
Denman, David, star. |
| 700 ## - ADDED ENTRY--PERSONAL NAME |
| Personal name |
Davis, Hope, star. |
| 700 ## - ADDED ENTRY--PERSONAL NAME |
| Personal name |
Gonzales, Dana, cinematographer. |
| 700 ## - ADDED ENTRY--PERSONAL NAME |
| Personal name |
Fleming, Gabriel, editor. |
| 942 ## - ADDED ENTRY ELEMENTS (KOHA) |
| Source of classification or shelving scheme |
|
| Item type |
Audio-Visual Materials |